Lịch sử Sài Gòn -Chợ Lớn - Gia Định kháng chiến (1945-1975)

Sparad:
Bibliografiska uppgifter
Övriga upphovsmän: Lưu Phương Thanh (Chủ biên)
Materialtyp: Bok
Språk:Vietnamese
Publicerad: HCM Hồ Chí Minh 1994
Taggar: Lägg till en tagg
Inga taggar, Lägg till första taggen!
Thư viện lưu trữ: Mạng thư viện Đại học Đà Nẵng
LEADER 00941nam a2200265 4500
001 000013811
003 10155
005 20120323090352.0
008 120323s1994 viesd
041 0 |a vie 
082 |a 959.704332  |b LIC 
245 0 |a Lịch sử Sài Gòn -Chợ Lớn - Gia Định kháng chiến (1945-1975)  |c Lưu Phương Thanh, Nguyễn Đức Uy 
260 |a HCM  |b Hồ Chí Minh  |c 1994 
300 |a 695 tr.  |c 24 cm 
700 |a Lưu Phương Thanh  |e Chủ biên 
OWN |a LSP 
AVA |a UDN50  |b LSP  |d 959.704332 LIC  |e available  |t Error 5001 Not defined in file expand_doc_bib_avail.  |f 1  |g 0  |h N  |i 0  |k 1 
999 |a From the UDN01 
AVA |a UDN50  |b LSP  |d 959.704332 LIC  |e available  |t Error 5001 Not defined in file expand_doc_bib_avail.  |f 1  |g 0  |h N  |i 0  |k 1 
TYP |a Monograph 
TYP |a Printed language 
980 |a Mạng thư viện Đại học Đà Nẵng